000 00292nam a22000977a 4500
005 20250901165546.0
008 210907b |||||||| |||| 00| 0 eng d
050 _aHM51 .A53 1969
245 _aThe uses of comparative sociology
_cAndreski, Stanislav
942 _2lcc
_hHM51 .A53 1969
999 _c5851
_d5851